| 000 | 01530nam2a22002411 4500 | ||
|---|---|---|---|
| 001 | RU\NLR\INFOCOMM34\5000002242 | ||
| 005 | 20250616235656.0 | ||
| 035 | _a(NLR Aleph) 002295606 | ||
| 090 |
_a4176182 _c4176182 |
||
| 100 | _a20060210d2005 |||y0rusy50 ca | ||
| 101 | 0 | _arus | |
| 102 | _aRU | ||
| 105 | _ay ||||000|y | ||
| 200 | 0 | _a2005, №1 | |
| 210 |
_d2005 _aБ. м. |
||
| 461 | 0 |
_1001RU\NLR\INFOCOMM34\5000002230 _12001#$aСостояние российского и мирового рынка нефти, продуктов нефтепереработки, нефтехимии и химии$eНауч.-информ. сб.$eЭкспресс-информ.$fОАО "ЦНИИ информ. и техн.-экон. исслед. в нефтеперерабатывающей и нефтехим. пром-сти" (ОАО "ЦНИИТЭнефтехим")$v2005, №1 _94182565 _cМ. _d2004 - _fОАО "ЦНИИ информ. и техн.-экон. исслед. в нефтеперерабатывающей и нефтехим. пром-сти" (ОАО "ЦНИИТЭнефтехим") _nЦНИИТЭнефтехим _oНауч.-информ. сб. : Экспресс-информ. _tСостояние российского и мирового рынков нефти, продуктов нефтепереработки, нефтехимии и химии _v2005, №1 |
|
| 801 | 1 |
_aRU _bInfoComm _c20060210 |
|
| 801 | 0 |
_aRU _bNLR _gPSBO |
|
| 852 |
_aNLR _jП22/8140 |
||
| 942 | _cISSUE | ||
| 980 | _aNB | ||
| 980 | _aRUSPER | ||